Eficacia y autonomía privada negocial: el negocio condicional (Registro nro. 22576)

000 -Cabecera
Campo de control interno 02619nam a2200277 4500
001 - Número de control
control field ESSALUD
005 - Fecha y hora de la última transacción
Campo de control 20260701104213.0
007 - Tipo material - Descripcion fisica - info general
Tipo material - Descripcion fisica - info general ta
008 - Elementos de Longitud Fija - Información General
Elementos de Longitud Fija - Información t pe ||||| |||| 00| 0 spa d
040 ## - Origen de la Catalogación
Origen de la Catalogación BMG
041 ## - Idioma
Idioma spa
100 ## - Autor
Autor Palacios Martínez, Eric
9 (RLIN) 46904
Rol del Autor Autor
245 ## - Titulo
Titulo Eficacia y autonomía privada negocial: el negocio condicional
Subtitulo Aspectos preliminares, pero fundamentales
246 ## - Variante del Titulo
Titulo Effectiveness and private autonomy in legal transactions: the conditional transaction
Subtitulo Preliminary but fundamental aspects
300 ## - Páginas
Paginación páginas 45-58
520 ## - Resumen
Resumen El autor analiza el significado que se le debe otorgar a la accidentalidad de los componentes negociales, a fin de comprender mejor su naturaleza y, con ello, su correcta aplicación a los casos concretos en los tipos negociales. Refiere que de accidentalidad solo se puede hablar con respecto a la categoría del negocio típico, es decir, del negocio considerado in abstracto, ya que, con respecto al negocio concreto, en el<br/>cual se insertan estos elementos modales, ellos se consideran esenciales, constitutivos del negocio. Posteriormente, el autor comenta aspectos relevantes de la condición como elemento del acto jurídico, enfocándose en explicar en qué consiste la futuridad y la incertidumbre, e igualmente expresa algunas críticas sobre las clasificaciones que la doctrina ha propuesto sobre las condiciones.
520 ## - Resumen
Resumen The outhor onolyzes the meoning to be ottributed to the incidental noture (accidentalidad) of contractual components in arder to better understond their noture ond, consequently, their proper opplicotion to specific coses within legal transoctions. He osserts thot 'incidental noture' con only be discussed in relotion to the cotegory of the typicol transoction (thot is, the tronsoction considered in abstracto); regording the specific tronsoction into which these modal elements ore inserted, they ore considered essentiol ond constitutive of the oct. Subsequently, the outhor comments on relevont ospects of the condition os on element of the legal oct, focusing on the concepts of Juturity and uncertointy, while o/so offering critiques of the clossificotions of conditions proposed by legal doctrine.
650 ## - Temas - Descriptores
Temas - Descriptores CONDICIÓN
9 (RLIN) 52932
650 ## - Temas - Descriptores
Temas - Descriptores AUTONOMÍA PRIVADA
9 (RLIN) 52933
650 ## - Temas - Descriptores
Temas - Descriptores FUTURIDAD
9 (RLIN) 52934
650 ## - Temas - Descriptores
Temas - Descriptores CONDITION
9 (RLIN) 52935
650 ## - Temas - Descriptores
Temas - Descriptores PRIVO TE OUTONOMY
9 (RLIN) 52936
650 ## - Temas - Descriptores
Temas - Descriptores FUTURITY
9 (RLIN) 52937
773 0# - Revista (Relacion con el numero)
Host Biblionumber 22573
Host Itemnumber 22620
Ciudad, Editorial Lima Grupo Praxis Formación Profesional, 2026-
Codigo barras item/ejemplar PRA001
Titulo de la Revista Praxis Civil & Procesal Civil
Número de control de registro ESSALUD
ISSN 3119-7671
942 ## - Elementos de Koha
Tipo de Documento Artículos
Fecha procesamiento 2026-06-30
Catalogador sqb

No hay ítems disponibles.